Sports Quiz

Random Sports or Basketball Quiz

2017 NBA Draft Quiz Stats

 Plays Quiz not verified by Sporcle

Challenge
Share
Tweet
Embed
Score 0/60 Timer 10:00
0 Plays Today
Team Pick % Correct
Los Angeles LakersLonzo Ball
99.5%
Philadelphia 76ersMarkelle Fultz
98.9%
Boston CelticsJason Tatum
97.6%
Phoenix SunsJosh Jackson
94%
Sacramento KingsDe'Aaron Fox
93.9%
Portland Trail BlazersJustin Jackson
93.4%
Charlotte HornetsFrank Jackson
93.3%
Dallas MavericksDennis Smith
85.2%
Charlotte HornetsMalik Monk
77.7%
Orlando MagicJonathon Isaac
76%
New York KnicksFrank Ntilikina
71.5%
Minnesota TimberwolvesLauri Markkanen
71.4%
Denver NuggetsDonovan Mitchell
67.3%
Sacramento KingsZach Collins
65.3%
Atlanta HawksJohn Collins
65.1%
Detroit PistonsLuke Kennard
63.7%
Los Angeles LakersKyle Kuzma
62.6%
Miami HeatBam Adebayo
59.9%
Indiana PacersTJ Leaf
48%
Portland Trail BlazersHarry Giles
45.9%
Utah jazzJosh Hart
45.4%
Oklahoma City ThunderTerrance Ferguson
44.5%
Brooklyn NetsJarrett Allen
43.7%
Boston CelticsKadeem Allen
43.7%
Toronto RaptorsOG Anunoby
41.7%
Chicago BullsJustin Patton
40.9%
Milwaukee BucksDJ Wilson
37.3%
Sacramento KingsFrank Mason
33.4%
Chicago BullsJordan Bell
31.3%
San Antonio SpursDerrick White
27.1%
Team Pick % Correct
Portland Trail BlazersCaleb Swanigan
26.7%
Utah JazzTyler Lydon
21%
Los Angeles LakersTony Bradley
20.5%
Boston CelticsSemi Ojeleye
18.3%
Philadelphia 76ersSterling Brown
18.1%
Utah JazzThomas Bryant
16.9%
New Orleans PelicansDwayne Bacon
16.5%
Houston RocketsDillon Brooks
16.5%
Boston CelticsJabari Bird
15.2%
Indiana PacersIke Anigbogu
13.2%
Atlanta HawksTyler Dorsey
13%
Orlando MagicAnzejs Pasecniks
11.5%
Orlando MagicWesley Iwundu
11.4%
New York KnicksDamyean Dotson
11.1%
Phoenix SunsDavon Reed
11%
Milwaukee BucksSindarius Thornwell
11%
Philadelphia 76ersJawun Evans
10.9%
Houston RocketsIsaiah Hartenstein
10.6%
Atlanta HawksAlpha Kaba
10.3%
Philadelphia 76ersJonah Bolden
9.8%
Orlando MagicIvan Rabb
9.5%
Denver NuggetsMonte Morris
9.3%
San Antonio SpursJaron Blossomgame
8.4%
Utah JazzNigel Williams-Goss
8.1%
Phoenix SunsAlec Peters
7.1%
New Orleans PelicansEdmond Sumner
6.7%
Philadelphia 76ersMathias Lessort
5.2%
New York KnicksOgnjen Jaramaz
4.7%
Denver NuggetsVlatko Cancar
4.4%
Brooklyn NetsAleksandar Vezenkov
4.1%

You're not logged in!

Compare scores with friends on all Sporcle quizzes.
Join for Free
OR
Log In

You Might Also Like...

Show Comments

Extras

Top Quizzes Today


Score Distribution

Your Account Isn't Verified!

In order to create a playlist on Sporcle, you need to verify the email address you used during registration. Go to your Sporcle Settings to finish the process.

Report this User

Report this user for behavior that violates our Community Guidelines.

Details: